| 000 | 00570nam a2200205Ia 4500 | ||
|---|---|---|---|
| 003 | LDD | ||
| 008 | 181029s9999 xx 000 0 und d | ||
| 020 |
_a9781412903769 _c800.00 |
||
| 040 | _cLDD | ||
| 100 | _aPennings, Paul | ||
| 245 | 0 |
_aDoing research in political science _cPaul Pennings |
|
| 250 | _a2nd ed. | ||
| 260 |
_aNew Delhi _bSage _c2006 |
||
| 300 | _ax, 324p. | ||
| 365 | _b800.00 | ||
| 901 |
_a10086 _b12-01-2013 |
||
| 902 |
_aIN1316 _b17-01-2013 _cF _dSELECT _e32 |
||
| 903 |
_aDiscount-15 _bReqst by : S. Vijaysaekhar |
||
| 942 |
_2ddc _cBK |
||
| 999 |
_c106952 _d106952 |
||